| 000 | 01926nam a22002177a 4500 | ||
|---|---|---|---|
| 999 |
_c5299 _d5299 |
||
| 003 | OSt | ||
| 005 | 20250902160226.0 | ||
| 008 | 250902b ||||| |||| 00| 0 eng d | ||
| 020 | _a9781529008784 | ||
| 040 | _cKH8 | ||
| 082 | _aFIC COT | ||
| 100 |
_aCottrell-Boyce, Frank, _eauthor. |
||
| 245 |
_aFramed : _bThe Perfect Crime - It's a Work of Art / _cFrank Cottrell- Boyce and illustrated by Steven Lenton. |
||
| 260 |
_aLondon ; _bMacmllan Children's Books , _c2019. |
||
| 300 |
_a373 pages : _billustations , _c20 cm. |
||
| 520 | _ahe perfect crime – it's a work of art, in Frank Cottrell Boyce's ingenious story, Framed. Dylan is the only boy living in the tiny Welsh town of Manod. His parents run the Snowdonia Oasis Auto Marvel garage – and when he's not trying to persuade his sisters to play football, Dylan is in charge of the petrol log. And that means he gets to keep track of everyone coming in and out of Manod – what car they drive, what they're called, even their favourite flavour of crisps. But when a mysterious convoy of lorries trundles up the misty mountainside towards an old, disused mine, even Dylan is confounded. Who are these people – and what have they got to hide? A story inspired by a press cutting describing how, during World War II, the treasured contents of London's National Gallery were stored in Welsh slate mines. Once a month, a morale-boosting masterpiece would be unveiled in the village and then returned to London for viewing. This is a funny and touching exploration of how art – its beauty and its value – touches the life of one little boy and his big family in a very small town. This edition of Framed includes bonus material and discussion questions from Frank Cottrell Boyce, and illustrations by Steven Lenton. | ||
| 650 |
_amysterious _vfiction |
||
| 650 |
_ainvestigation _vfiction |
||
| 700 |
_aLenton, Steven, _eillustrator. |
||
| 942 |
_2ddc _cFIC |
||